| 000 | 00717nam a22002417a 4500 | ||
|---|---|---|---|
| 999 |
_c6588 _d6588 |
||
| 001 | 20685 | ||
| 003 | BD-DhUAP | ||
| 005 | 20210104124221.0 | ||
| 008 | 200218s20162014ii ||||| |||| 001 0 eng d | ||
| 020 | _a9788126557202 | ||
| 040 |
_aBD-DhUAP _bEng _cBD-DhUAP _dBD-DhUAP |
||
| 082 |
_223 _a368 VAU |
||
| 100 | _aVaughan, Emmett J. | ||
| 245 |
_aFundamentals of risk and insurance / _cEmmett J. Vaughan and Therese M. Vaughan. |
||
| 250 | _a11th ed. | ||
| 260 |
_aNew York : _bWiley, _cc2014 [Reprinted 2016]. |
||
| 300 |
_avarious pages : _billustrations ; _c23 cm. |
||
| 500 | _aIncludes index. | ||
| 650 | _aRisk management. | ||
| 650 | _aRisk (Insurance). | ||
| 700 | _aVaughan, Therese M. | ||
| 942 |
_2ddc _cBK |
||